Joan edukira

Работоспособность. Средства физической культуры в регулировании умственной работоспособности студентов учебно-методическое пособие для вузов

Учебно-методическое пособие подготовлено на кафедре физического воспитания Воронежского государственного университета. В предлагаемом учебно-методическом пособии рассматривается проблема продуктивности учебного труда студентов и средства физической культуры, способствующие повышению умственной работ...

Deskribapen osoa

Gorde:
Xehetasun bibliografikoak
Formatua: Книга
Hizkuntza:Russian
Argitaratua: Воронеж ВГУ 2010
Sarrera elektronikoa:https://e.lanbook.com/book/357521
https://e.lanbook.com/img/cover/book/357521.jpg
Etiketak: Etiketa erantsi
Etiketarik gabe, Izan zaitez lehena erregistro honi etiketa jartzen!
LEADER 01713nam0a2200229 i 4500
001 357521
003 RuSpLAN
005 20240216150947.0
008 240216s2010 ru gs 000 0 rus
040 |a RuSpLAN 
041 0 |a rus 
044 |a ru 
245 0 0 |a Работоспособность. Средства физической культуры в регулировании умственной работоспособности студентов  |b учебно-методическое пособие для вузов 
260 |a Воронеж  |b ВГУ  |c 2010 
300 |a 21 с. 
504 |a Библиогр.: доступна в карточке книги, на сайте ЭБС Лань 
520 8 |a Учебно-методическое пособие подготовлено на кафедре физического воспитания Воронежского государственного университета. В предлагаемом учебно-методическом пособии рассматривается проблема продуктивности учебного труда студентов и средства физической культуры, способствующие повышению умственной работоспособности. Рекомендуется для студентов и преподавателей физического воспитания 
521 8 |a Книга из коллекции ВГУ - Физкультура и Спорт 
521 8 |a СЭБ 
856 4 |u https://e.lanbook.com/book/357521 
856 4 8 |u https://e.lanbook.com/img/cover/book/357521.jpg 
953 |a https://e.lanbook.com/img/cover/book/357521.jpg 
Cannot write session to /tmp/vufind_sessions/sess_4h4bgbif1nlvpr81vsku5d62c8